000
00335nam a2200133Ia 4500
008
240624s9999 xx 000 0 und d
041
_a
eng
082
_a
004.0684 SEV
100
_a
SEVERANCE DENNIS
245
_a
MAKING I T WORK AN EXECUTIVE S GUIDE TO
260
_c
2002
_a
systems
_b
Jossey-Bass
300
_a
240 : p.
365
_c
_b
25
999
_c
23612
_d
23612